[Event "LII Festival A"]
[Site "Imperia ITA"]
[Date "2010.09.04"]
[Round "8"]
[White "Van der Borck, Alexis"]
[Black "Platino, Maurizio"]
[WhiteElo "1928"]
[BlackElo "1918"]
[Result "1-0"]
[PlyCount "145"]
[EventDate "2010.08.29"]

1. e4 e6 2. d4 d5 3. Nc3 Nf6 4. Bg5 dxe4 5. Nxe4 Be7 6. Bxf6 Bxf6 7. c3 Nd7 8.
Bd3 O-O 9. Nf3 c5 10. dxc5 Qc7 11. Nfg5 Bxg5 12. Qh5 Qe5 13. Qxg5 Qxg5 14. Nxg5
h6 15. Ne4 f5 16. Nd6 Nxc5 17. Bc4 Rf6 18. Rd1 Kf8 19. O-O a6 20. b4 Na4 21.
Rd2 b5 22. Bb3 Nb6 23. Rfd1 Bd7 24. Nb7 Bc6 25. Nc5 Bd5 26. Bxd5 exd5 27. Re2
Rd8 28. Ne6+ Rxe6 29. Rxe6 Na4 30. Rxa6 Nxc3 31. Rd3 d4 32. Kf1 Rd5 33. f3 h5
34. Ra3 Na4 35. Rd1 Nb2 36. Rd2 Nc4 37. Ra8+ Kf7 38. Rd3 Nb2 39. Rd2 Nc4 40.
Ra7+ Kf6 41. Ra6+ Kf7 42. Rd3 Nb2 43. Ke2 Nc4 44. f4 Nb2 45. Rc6 Na4 46. Kd2
Nb2 47. Rc5 Ke6 48. Rxd5 Nc4+ 49. Ke2 Kxd5 50. Rg3 Ke4 51. Rf3 Nb2 52. Kd2 Nc4+
53. Kc2 Ne3+ 54. Kd2 Nxg2 55. Rg3 Nxf4 56. Rxg7 h4 57. Rb7 Ng2 58. Rxb5 f4 59.
Rb8 Ne3 60. Rh8 Nf1+ 61. Kd1 Nxh2 62. Rxh4 Nf3 63. Rh3 Ne5 64. b5 Nc4 65. Ke2
Nb6 66. a3 Na4 67. Kd2 f3 68. Rxf3 Kxf3 69. Kd3 Kf4 70. Kxd4 Kf5 71. Kd5 Kf6
72. Kc6 Ke6 73. b6 1-0

[Event "LII Festival A"]
[Site "Imperia ITA"]
[Date "2010.09.04"]
[Round "8"]
[White "Zach, Andreas"]
[Black "Mirzoev, Azer"]
[WhiteElo "2314"]
[BlackElo "2541"]
[Result "0-1"]
[PlyCount "80"]
[EventDate "2010.08.29"]

1. d4 Nf6 2. Nf3 c5 3. c3 Qc7 4. g3 g6 5. Bg2 Bg7 6. O-O O-O 7. Re1 d6 8. e4
Rd8 9. Bf4 Nh5 10. Be3 Nd7 11. a4 Nhf6 12. Bf4 e5 13. Bc1 b6 14. Na3 a6 15.
dxe5 dxe5 16. Qb3 Rb8 17. Bf1 Nf8 18. Nc4 Be6 19. Ng5 b5 20. Nxe6 Nxe6 21. axb5
axb5 22. Na3 c4 23. Qc2 Bf8 24. f3 Kg7 25. Be3 h5 26. Qf2 h4 27. Nc2 hxg3 28.
hxg3 Bc5 29. Red1 Rh8 30. Bxc5 Nxc5 31. Nb4 Rh6 32. Qe3 Rbh8 33. Bg2 Na4 34.
Rd2 Qc8 35. Rad1 Rh2 36. g4 Nc5 37. Qg5 Nb3 38. Qxe5 Nxd2 39. g5 Rxg2+ 40. Kxg2
Qh3+ 0-1

[Event "LII Festival A"]
[Site "Imperia ITA"]
[Date "2010.09.05"]
[Round "9"]
[White "Blasco, Domenico"]
[Black "Platino, Maurizio"]
[WhiteElo "1961"]
[BlackElo "1918"]
[Result "1/2-1/2"]
[PlyCount "80"]
[EventDate "2010.08.29"]

1. d4 Nf6 2. Nf3 d5 3. e3 Bf5 4. c4 c6 5. cxd5 Nxd5 6. Bd3 Bxd3 7. Qxd3 e6 8.
O-O Be7 9. Nc3 Nxc3 10. bxc3 O-O 11. Ne5 Nd7 12. f4 Nf6 13. Bd2 Qc7 14. g4 Rad8
15. Rab1 Bd6 16. g5 Nh5 17. Qe2 g6 18. Ng4 Be7 19. e4 b6 20. e5 Ng7 21. Rf3 Nf5
22. Rh3 Kg7 23. Nf6 Rh8 24. Be3 Qc8 25. Ne4 Qd7 26. Bf2 Qc8 27. Rd1 Rd5 28.
Rhd3 Rhd8 29. h4 Ra5 30. h5 Qa6 31. h6+ Kf8 32. R3d2 Qxe2 33. Rxe2 c5 34. Red2
cxd4 35. cxd4 Rad5 36. Kh2 Ra5 37. Rc1 Rad5 38. Rcd1 Ra5 39. Rc1 Rad5 40. Rcd1
Ra5 1/2-1/2

[Event "LII Festival A"]
[Site "Imperia ITA"]
[Date "2010.09.05"]
[Round "9"]
[White "Carosso, Andrea"]
[Black "Curtacci, Sergio"]
[WhiteElo "2032"]
[BlackElo "1999"]
[Result "1/2-1/2"]
[PlyCount "35"]
[EventDate "2010.08.29"]

1. d4 d5 2. Bg5 Nd7 3. Nf3 Ngf6 4. e3 c6 5. c3 e6 6. Bd3 Be7 7. Nbd2 h6 8. Bh4
b6 9. Qe2 Bb7 10. O-O-O Qc7 11. Kb1 g5 12. Bg3 Bd6 13. e4 dxe4 14. Nxe4 Nxe4
15. Bxe4 O-O-O 16. c4 g4 17. Nd2 Bxg3 18. hxg3 1/2-1/2

[Event "LII Festival A"]
[Site "Imperia ITA"]
[Date "2010.09.05"]
[Round "9"]
[White "Cornaggia, Ranieri"]
[Black "Rombaldoni, Denis"]
[WhiteElo "1994"]
[BlackElo "2493"]
[Result "0-1"]
[PlyCount "106"]
[EventDate "2010.08.29"]

1. e4 c5 2. Nf3 d6 3. d4 cxd4 4. Nxd4 Nf6 5. Nc3 Nc6 6. Be3 Bd7 7. f3 g6 8. Qd2
Bg7 9. O-O-O Rc8 10. Kb1 Na5 11. Bh6 Bxh6 12. Qxh6 Nc4 13. Bxc4 Rxc4 14. Nd5
Nxd5 15. exd5 Qa5 16. Qg7 Rf8 17. Rhe1 h5 18. Qf6 Be6 19. Rxe6 fxe6 20. Qxg6+
Kd7 21. Qxe6+ Kd8 22. Qe2 Ra4 23. Ne6+ Ke8 24. a3 Rg8 25. Re1 Rc4 26. b3 Rxg2
27. Ng7+ Rxg7 28. bxc4 Qxa3 29. f4 Kd8 30. f5 Kc7 31. Rf1 Qc3 32. Qd3 Qe5 33.
Qa3 Qd4 34. Qd3 Rg4 35. Qxd4 Rxd4 36. f6 exf6 37. Rxf6 Rxc4 38. Rf7+ Kb6 39.
Rd7 Rb4+ 40. Kc1 Kc5 41. Rh7 h4 42. c3 Rc4 43. Kc2 b5 44. Rxa7 Rg4 45. Kd3 Rg2
46. Ke4 Re2+ 47. Kf3 Rxh2 48. Kg4 Kxd5 49. Rb7 Kc4 50. Rc7+ Kb3 51. Rc6 Rh1 52.
Rb6 Kxc3 53. Rxb5 Kc4 0-1

[Event "LII Festival A"]
[Site "Imperia ITA"]
[Date "2010.09.05"]
[Round "9"]
[White "Cugini, Verter"]
[Black "Angelini, Marco"]
[WhiteElo "2122"]
[BlackElo "2103"]
[Result "0-1"]
[PlyCount "80"]
[EventDate "2010.08.29"]

1. e4 c5 2. g3 Nc6 3. Bg2 g6 4. Ne2 Bg7 5. O-O e6 6. Nbc3 Nge7 7. Nf4 O-O 8. d3
b6 9. Be3 Bb7 10. Qd2 Nd4 11. Rab1 d5 12. exd5 exd5 13. Nce2 Ndf5 14. d4 Nxe3
15. fxe3 Qd7 16. dxc5 bxc5 17. c4 d4 18. Bxb7 Qxb7 19. exd4 cxd4 20. b4 Rad8
21. Qd3 Nf5 22. Qf3 Qa6 23. Qb3 Rfe8 24. Rf2 Re3 25. Nd3 Qb7 26. Nef4 Qe4 27.
Rd1 Re8 28. c5 Nh6 29. Qd5 Qe7 30. Qg2 Qd7 31. Rfd2 Qg4 32. Kf1 Nf5 33. Nf2 Qg5
34. Qc6 h5 35. Ng2 R3e6 36. Qa4 Ne3+ 37. Kg1 Nxd1 38. Qxd1 h4 39. Rd3 Re2 40.
gxh4 Re1+ 0-1

[Event "LII Festival A"]
[Site "Imperia ITA"]
[Date "2010.09.05"]
[Round "9"]
[White "Di Lascio, Savino"]
[Black "Tomassoni, Leonardo"]
[WhiteElo "1910"]
[BlackElo "1935"]
[Result "0-1"]
[PlyCount "64"]
[EventDate "2010.08.29"]

1. Nf3 Nf6 2. g3 d5 3. c4 e6 4. Bg2 c6 5. b3 Bd6 6. Bb2 Nbd7 7. O-O O-O 8. Qc2
e5 9. cxd5 cxd5 10. Na3 a6 11. Rac1 Qe7 12. Nb1 Nc5 13. Nxe5 Nxb3 14. Ng6 hxg6
15. Qxb3 Qxe2 16. Bxf6 gxf6 17. Bxd5 Rb8 18. Rfe1 Qg4 19. Rc4 Qg5 20. Rh4 Kg7
21. Ree4 Bf5 22. f4 Bxf4 23. Rhxf4 Bxe4 24. Rxe4 Rbd8 25. Bxb7 Qc5+ 26. Kg2 Rb8
27. Rb4 Rfe8 28. Nc3 Re1 29. d4 Qg5 30. Qc2 Qe3 31. Rb3 Rg1+ 32. Kh3 Rh8+ 0-1

[Event "LII Festival A"]
[Site "Imperia ITA"]
[Date "2010.09.05"]
[Round "9"]
[White "Faraci, Antonino"]
[Black "De Marco, Walter"]
[WhiteElo "1973"]
[BlackElo "1900"]
[Result "1/2-1/2"]
[PlyCount "20"]
[EventDate "2010.08.29"]

1. Nf3 g6 2. d3 Bg7 3. e4 d6 4. g3 Nc6 5. Bg2 Bd7 6. O-O Qc8 7. Re1 Nh6 8. Nc3
f6 9. Rb1 Nf7 10. Be3 O-O 1/2-1/2

[Event "LII Festival A"]
[Site "Imperia ITA"]
[Date "2010.09.05"]
[Round "9"]
[White "Formento, Paolo"]
[Black "Van der Borck, Alexis"]
[WhiteElo "1904"]
[BlackElo "1928"]
[Result "1-0"]
[PlyCount "79"]
[EventDate "2010.08.29"]

1. e4 c5 2. Nf3 Nc6 3. Bb5 g6 4. c3 Nf6 5. e5 Nd5 6. Qb3 e6 7. Bxc6 bxc6 8. c4
Ne7 9. Nc3 Nf5 10. Ne4 Bg7 11. d3 d5 12. cxd5 exd5 13. Nxc5 Qe7 14. Qc3 d4 15.
Qc4 Bxe5 16. O-O Nh4 17. Nxe5 Qxe5 18. Bh6 Qd5 19. Rfe1+ Be6 20. Qxd5 cxd5 21.
Bg7 Rg8 22. Bxd4 Ke7 23. b4 Rgc8 24. b5 Kd6 25. Nb3 Rc2 26. Kf1 Nf5 27. Be5+
Kd7 28. d4 Rac8 29. Nc5+ R8xc5 30. dxc5 Rxc5 31. a4 d4 32. Bb8 Bc4+ 33. Kg1 d3
34. Bxa7 Rd5 35. b6 Kc6 36. Rac1 Nd6 37. Re7 Rc5 38. b7 d2 39. Rd1 Be6 40. Rc7+
1-0

[Event "LII Festival A"]
[Site "Imperia ITA"]
[Date "2010.09.05"]
[Round "9"]
[White "Gioseffi, Massimiliano"]
[Black "Luciani, Valerio"]
[WhiteElo "2150"]
[BlackElo "2210"]
[Result "0-1"]
[PlyCount "84"]
[EventDate "2010.08.29"]

1. d4 f5 2. Nf3 Nf6 3. g3 g6 4. Bg2 Bg7 5. O-O O-O 6. b3 d6 7. Bb2 Qe8 8. Nbd2
Nc6 9. c4 e5 10. d5 Nd8 11. e4 Bh6 12. exf5 gxf5 13. Nh4 Qh5 14. Qxh5 Nxh5 15.
Rad1 Nf7 16. Bf3 Nf6 17. Bg2 f4 18. h3 Bd7 19. Kh2 Rae8 20. Rfe1 fxg3+ 21. fxg3
Nh5 22. Ne4 Ng5 23. Bc1 Nxe4 24. Bxh6 Rf6 25. Bxe4 Rxh6 26. Bf5 Bxf5 27. Nxf5
Rf6 28. Rf1 Ref8 29. g4 Ng7 30. Ne7+ Kf7 31. Rxf6+ Kxf6 32. Nf5 Nxf5 33. gxf5
Rg8 34. b4 Rg5 35. c5 e4 36. a4 Rxf5 37. Kg3 Ke5 38. cxd6 cxd6 39. Kg4 h5+ 40.
Kg3 e3 41. h4 Ke4 42. b5 e2 0-1

[Event "LII Festival A"]
[Site "Imperia ITA"]
[Date "2010.09.05"]
[Round "9"]
[White "Ingerl, Florian"]
[Black "Van Hoolandt, Patrick"]
[WhiteElo "1963"]
[BlackElo "2171"]
[Result "0-1"]
[PlyCount "86"]
[EventDate "2010.08.29"]

1. c4 e6 2. g3 d5 3. Bg2 dxc4 4. Na3 Bxa3 5. bxa3 Nf6 6. Nf3 a6 7. Qc2 b5 8.
Ne5 Nd5 9. O-O f6 10. Nf3 O-O 11. Rd1 Qe7 12. d3 cxd3 13. Rxd3 c5 14. e4 Nb6
15. e5 Bb7 16. exf6 gxf6 17. Bh6 Re8 18. Re1 N8d7 19. Bh3 Qf7 20. Nh4 Ne5 21.
Rde3 Nbc4 22. R3e2 Bf3 23. Rxe5 Nxe5 24. Qxc5 Nd3 25. Qe3 Nxe1 26. Nxf3 Nxf3+
27. Qxf3 Rad8 28. Bg4 Rd5 29. h4 Kh8 30. h5 Rg8 31. Qe2 Re5 32. Qd1 Qe7 33. Bf4
Rd8 34. Qa1 Red5 35. Bf3 Rd3 36. Be2 R3d7 37. a4 bxa4 38. Qb2 e5 39. Be3 Qe6
40. Kh2 Rc8 41. h6 Rdc7 42. Qa3 Rc2 43. Bd3 R2c3 0-1

[Event "LII Festival A"]
[Site "Imperia ITA"]
[Date "2010.09.05"]
[Round "9"]
[White "Jurek, Josef"]
[Black "Brih, Said"]
[WhiteElo "2352"]
[BlackElo "2352"]
[Result "1-0"]
[PlyCount "135"]
[EventDate "2010.08.29"]

1. Nf3 Nf6 2. c4 g6 3. d4 Bg7 4. g3 O-O 5. Bg2 d6 6. Nc3 Nbd7 7. O-O e5 8. h3
Re8 9. e4 exd4 10. Nxd4 Nc5 11. Re1 a5 12. Qc2 a4 13. Be3 c6 14. Rab1 Nfd7 15.
b4 axb3 16. axb3 Ne5 17. Red1 Qe7 18. f4 Ned7 19. Bf2 Nf8 20. Re1 Na6 21. Na4
Nd7 22. Qd2 Nac5 23. Nc3 Nb6 24. Rbd1 Ra3 25. Qc2 h5 26. b4 Ne6 27. Nb3 Qc7 28.
c5 dxc5 29. bxc5 Nd7 30. e5 h4 31. Ne4 hxg3 32. Bxg3 b6 33. Nd6 Rf8 34. Nc4 Ra4
35. Rd6 Ndxc5 36. Nxc5 Nxc5 37. Rxc6 Qa7 38. Nxb6 Ra2 39. Nxc8 Qa3 40. Qxa2
Qxa2 41. Rxc5 Qa3 42. Bf2 Bh6 43. f5 gxf5 44. Ne7+ Kh7 45. Nxf5 Bg5 46. Rc4 Rg8
47. Rg4 Bd8 48. Rxg8 Kxg8 49. Nd6 Qa5 50. Kh2 Qd2 51. Bg3 Bc7 52. Rf1 Qe2 53.
Nxf7 Bb8 54. Nh6+ Kh7 55. Ng4 Kg7 56. Rb1 Bxe5 57. Bxe5+ Kf7 58. Rf1+ Ke7 59.
Bg3 Qc2 60. h4 Qa4 61. Nf6 Kf7 62. h5 Kg7 63. Rf4 Qd1 64. Ng4 Qe2 65. Kh3 Qe6
66. h6+ Kh8 67. Rf8+ Kh7 68. Be4+ 1-0

[Event "LII Festival A"]
[Site "Imperia ITA"]
[Date "2010.09.05"]
[Round "9"]
[White "Mela, Riccardo"]
[Black "Noli, Giovanni"]
[WhiteElo "2017"]
[BlackElo "1924"]
[Result "1/2-1/2"]
[PlyCount "83"]
[EventDate "2010.08.29"]

1. e4 c6 2. d4 d5 3. exd5 cxd5 4. Nf3 Nf6 5. Be2 Nc6 6. O-O Bg4 7. b3 e6 8. Bb2
Be7 9. Nbd2 O-O 10. Ne5 Bxe2 11. Qxe2 Nxe5 12. dxe5 Nd7 13. f4 Qb6+ 14. Kh1 f5
15. c4 dxc4 16. Nxc4 Qa6 17. Qf3 Rac8 18. Rfd1 Rfd8 19. Nd6 Rc6 20. Nc4 b5 21.
Ne3 Rcc8 22. a4 b4 23. Nc4 Nc5 24. Nd6 Bxd6 25. exd6 Rxd6 26. Rxd6 Qxd6 27. Rd1
Qe7 28. Qe3 Ne4 29. h3 Rc2 30. Rb1 h6 31. Qd4 Qc7 32. Re1 Rd2 33. Rxe4 Rxd4 34.
Rxd4 a5 35. Rc4 Qd7 36. Rd4 Qe7 37. Rc4 Kh7 38. Be5 Kg6 39. Rc7 Qd8 40. Rxg7+
Kh5 41. Kh2 Qd2 42. Rg8 1/2-1/2

[Event "LII Festival A"]
[Site "Imperia ITA"]
[Date "2010.09.05"]
[Round "9"]
[White "Mercandelli, Claudio"]
[Black "Tomisek, Petr"]
[WhiteElo "1903"]
[BlackElo "1938"]
[Result "1/2-1/2"]
[PlyCount "72"]
[EventDate "2010.08.29"]

1. Nf3 Nc6 2. e4 e5 3. Bc4 Nf6 4. d3 Be7 5. a3 O-O 6. Nc3 d6 7. h3 h6 8. O-O
Bd7 9. Be3 Qc8 10. Nh2 Be6 11. Qe2 Bxc4 12. dxc4 Qe6 13. Nd5 Bd8 14. Qd3 Ne7
15. Nxf6+ Qxf6 16. c5 Nc6 17. Rad1 Be7 18. cxd6 Bxd6 19. Qc4 Rfd8 20. Rd3 a6
21. Ng4 Qe6 22. Qxe6 fxe6 23. Rfd1 Kf8 24. Nh2 Ke8 25. Nf3 Be7 26. Kf1 Rxd3 27.
Rxd3 Rd8 28. Rxd8+ Kxd8 29. Ke2 Kd7 30. Kd3 b6 31. Bd2 Bf6 32. Bc3 Kd6 33. Bb4+
Kd7 34. Bc3 Kd6 35. Bb4+ Kd7 36. Bc3 Kd6 1/2-1/2

[Event "LII Festival A"]
[Site "Imperia ITA"]
[Date "2010.09.05"]
[Round "9"]
[White "Mitura, Vaclav"]
[Black "Cavatorta, Fosco"]
[WhiteElo "2150"]
[BlackElo "1965"]
[Result "1-0"]
[PlyCount "75"]
[EventDate "2010.08.29"]

1. c4 d6 2. Nc3 e5 3. g3 f5 4. Bg2 Nf6 5. d4 Be7 6. e3 c6 7. Nge2 O-O 8. c5 Kh8
9. cxd6 Bxd6 10. dxe5 Bxe5 11. Qc2 Na6 12. O-O Qe8 13. a3 Qh5 14. b4 Nc7 15.
Bb2 Be6 16. Na4 Bxb2 17. Qxb2 Ncd5 18. Nc5 Bc8 19. Nf4 Qh6 20. Rac1 Re8 21.
Rfe1 b6 22. Ncd3 Bb7 23. Ne5 Rxe5 24. Qxe5 Ng4 25. Qxf5 Qxh2+ 26. Kf1 Ba6+ 27.
Nd3 Qxg3 28. fxg3 Ngxe3+ 29. Kg1 Nxf5 30. Nf4 Bb7 31. b5 Nxf4 32. gxf4 Rc8 33.
bxc6 Ba6 34. Bh3 g6 35. Bxf5 gxf5 36. Re7 Bb5 37. c7 a5 38. Rd1 1-0

[Event "LII Festival A"]
[Site "Imperia ITA"]
[Date "2010.09.05"]
[Round "9"]
[White "Miturova, Magdalena"]
[Black "Del Dotto, Riccardo"]
[WhiteElo "2086"]
[BlackElo "2182"]
[Result "0-1"]
[PlyCount "66"]
[EventDate "2010.08.29"]

1. e4 e5 2. Nc3 Bc5 3. f4 d6 4. Nf3 Nf6 5. Bc4 Nc6 6. d3 Na5 7. Bb3 Nxb3 8.
axb3 a6 9. Rf1 Bg4 10. h3 Bxf3 11. Qxf3 Nd7 12. Qg3 O-O 13. f5 f6 14. h4 Kh8
15. Qf3 c6 16. g4 Re8 17. Bd2 a5 18. g5 Re7 19. h5 Qg8 20. h6 gxh6 21. gxf6
Nxf6 22. O-O-O a4 23. bxa4 b5 24. Be3 Bxe3+ 25. Qxe3 Ng4 26. Qe2 b4 27. Nb1
Rxa4 28. b3 Ra2 29. Rg1 h5 30. Qd2 c5 31. Rdf1 Ra1 32. c4 Qa8 33. Rg2 Rea7 0-1

[Event "LII Festival A"]
[Site "Imperia ITA"]
[Date "2010.09.05"]
[Round "9"]
[White "Morandi, Daniele"]
[Black "Morselli, Stefano"]
[WhiteElo "1958"]
[BlackElo "1924"]
[Result "0-1"]
[PlyCount "82"]
[EventDate "2010.08.29"]

1. e4 g6 2. d4 Bg7 3. c4 d6 4. Nc3 Nf6 5. f3 c6 6. Be3 O-O 7. Qd2 Na6 8. g4 Nc7
9. Nge2 b5 10. g5 Nh5 11. Ng3 bxc4 12. Bxc4 Nb5 13. Bxb5 cxb5 14. f4 Bg4 15.
Nce2 f5 16. exf5 gxf5 17. Nxh5 Bxh5 18. Ng3 Bg4 19. h4 e5 20. h5 exf4 21. Bxf4
Re8+ 22. Kf1 Qb6 23. d5 Rac8 24. Kg2 Rc4 25. Rae1 Rec8 26. Rc1 Qc7 27. Rxc4
bxc4 28. Rc1 Rb8 29. b3 c3 30. Qe3 Qf7 31. Qe6 Rd8 32. g6 hxg6 33. hxg6 Qxe6
34. dxe6 d5 35. e7 Re8 36. Bd6 d4 37. Bb4 Bh6 38. Rf1 c2 39. Ba3 d3 40. Nxf5
Bxf5 41. Rxf5 d2 0-1

[Event "LII Festival A"]
[Site "Imperia ITA"]
[Date "2010.09.05"]
[Round "9"]
[White "Payen, Arnaud"]
[Black "Pesce, Gabriele"]
[WhiteElo "2372"]
[BlackElo "2174"]
[Result "1/2-1/2"]
[PlyCount "30"]
[EventDate "2010.08.29"]

1. d4 Nf6 2. Nf3 g6 3. Bf4 Bg7 4. e3 d6 5. h3 O-O 6. Be2 c5 7. O-O b6 8. c3 Bb7
9. Nbd2 Nbd7 10. Bh2 a6 11. a4 Ra7 12. Re1 Qa8 13. Bf1 Ne4 14. Nxe4 Bxe4 15.
Nd2 Bc6 1/2-1/2

[Event "LII Festival A"]
[Site "Imperia ITA"]
[Date "2010.09.05"]
[Round "9"]
[White "Pienabarca, Nicola"]
[Black "Krouzel, Jaroslav"]
[WhiteElo "2068"]
[BlackElo "2224"]
[Result "1-0"]
[PlyCount "139"]
[EventDate "2010.08.29"]

1. d4 f5 2. Nf3 Nf6 3. g3 g6 4. Bg2 Bg7 5. O-O O-O 6. c4 d6 7. Nc3 Qe8 8. d5 a5
9. Nd4 Na6 10. e4 fxe4 11. Nxe4 Nxe4 12. Bxe4 Bh3 13. Re1 Nc5 14. Bh1 Qf7 15.
Be3 Kh8 16. Qd2 a4 17. Rab1 a3 18. b4 Na4 19. Ne6 Bxe6 20. dxe6 Qf5 21. Bxb7
Rab8 22. Ba6 Nb2 23. Bd4 Bxd4 24. Qxd4+ Qf6 25. Qxf6+ Rxf6 26. Bb5 d5 27. Re3
dxc4 28. Rxa3 Rxb5 29. Rxb2 Rxe6 30. Rc3 Re4 31. a4 Rb8 32. b5 Kg7 33. Rb4 Kf7
34. Rbxc4 Rxc4 35. Rxc4 Ra8 36. Kf1 Ke6 37. Ke2 Kd6 38. Kd3 e5 39. Ke4 Rf8 40.
Rc6+ Kd7 41. f3 Ra8 42. Ra6 Rb8 43. Kxe5 Rf8 44. Rf6 Re8+ 45. Kd5 Re3 46. Rf7+
Kc8 47. Rxh7 Rxf3 48. Rg7 Rf5+ 49. Kc6 Rf6+ 50. Kc5 Kb7 51. Re7 Rf2 52. Re6 g5
53. Re5 Rxh2 54. Rxg5 Rc2+ 55. Kb4 Rb2+ 56. Kc3 Rb1 57. Rd5 Rg1 58. Rd3 Kb6 59.
Kb4 c5+ 60. bxc6 Kxc6 61. Ra3 Kb6 62. a5+ Ka6 63. Kc4 Rd1 64. Kc5 Rd8 65. g4
Rg8 66. Ra4 Rg5+ 67. Kd6 Kb5 68. Rf4 Rg6+ 69. Ke7 Rg5 70. Kf7 1-0

[Event "LII Festival A"]
[Site "Imperia ITA"]
[Date "2010.09.05"]
[Round "9"]
[White "Poloch, Petr"]
[Black "Zach, Andreas"]
[WhiteElo "2268"]
[BlackElo "2314"]
[Result "1/2-1/2"]
[PlyCount "44"]
[EventDate "2010.08.29"]

1. Nf3 d5 2. c4 c6 3. e3 Nf6 4. Nc3 g6 5. d4 Bg7 6. Be2 O-O 7. O-O dxc4 8. Bxc4
b5 9. Bd3 a6 10. Qe2 Nbd7 11. e4 Nb6 12. Rd1 Qc7 13. Bg5 Nh5 14. Qe3 f6 15. Bh4
Qf4 16. Qe1 Bg4 17. Ne2 Qd6 18. Rac1 Be6 19. b3 Rfc8 20. Qd2 g5 21. Bg3 Nxg3
22. Nxg3 Qd8 1/2-1/2

[Event "XXXVIII C.to italiano ASCI"]
[Site "Silvi Marina ITA"]
[Date "2010.08.28"]
[Round "1"]
[White "Antonini, Franco"]
[Black "Melle, Ezio"]
[Result "1/2-1/2"]
[WhiteElo "2141"]
[BlackElo "1732"]
[PlyCount "32"]
[EventDate "2010.08.28"]

1. e4 c6 2. d4 d5 3. exd5 cxd5 4. Bd3 Nc6 5. c3 e5 6. dxe5 Nxe5 7. Bb5+ Nc6 8.
Ne2 Bc5 9. O-O Nge7 10. Bf4 O-O 11. Ng3 Qb6 12. Bxc6 Qxc6 13. Nd2 Ng6 14. Qf3
d4 15. Nde4 dxc3 16. Qxc3 Nxf4 1/2-1/2

[Event "XXXVIII C.to italiano ASCI"]
[Site "Silvi Marina ITA"]
[Date "2010.08.28"]
[Round "1"]
[White "Casadei, Marco"]
[Black "Vrioni, Bersan"]
[Result "1-0"]
[WhiteElo "1727"]
[BlackElo "1838"]
[PlyCount "97"]
[EventDate "2010.08.28"]

1. e4 c5 2. Nf3 d6 3. d4 cxd4 4. Nxd4 Nc6 5. Nc3 e5 6. Ndb5 a6 7. Na3 Nf6 8.
Bg5 Be7 9. Bxf6 gxf6 10. Nd5 Be6 11. c3 f5 12. exf5 Bxf5 13. Nc2 Be6 14. Nce3
Bg5 15. Be2 Ne7 16. Bg4 h5 17. Bxe6 fxe6 18. Nxe7 Qxe7 19. Qd3 O-O-O 20. O-O-O
d5 21. Kb1 Qh7 22. Rhe1 Qxd3+ 23. Rxd3 e4 24. Rdd1 Rhf8 25. Re2 Bxe3 26. fxe3
Rf5 27. Kc2 Rdf8 28. Rdd2 Rf1 29. Rd1 Kc7 30. Rxf1 Rxf1 31. Kd2 Kd6 32. Re1
Rf2+ 33. Re2 Rf5 34. Ke1 b5 35. Rf2 Kc5 36. Rxf5 exf5 37. b4+ Kd6 38. Kf2 Ke6
39. Kg3 Ke5 40. h4 f4+ 41. exf4+ Kf5 42. a3 e3 43. Kf3 e2 44. Kxe2 Kxf4 45. Kf2
Ke4 46. g3 Ke5 47. Ke3 Kf5 48. Kf3 Ke5 49. g4 1-0

[Event "XXXVIII C.to italiano ASCI"]
[Site "Silvi Marina ITA"]
[Date "2010.08.29"]
[Round "2"]
[White "Battaglia, Gabriele"]
[Black "Gasperoni, Claudio"]
[Result "0-1"]
[WhiteElo "1257"]
[BlackElo "1814"]
[PlyCount "38"]
[EventDate "2010.08.28"]

1. d4 Nf6 2. Nf3 g6 3. e3 Bg7 4. Bd3 d6 5. Nbd2 O-O 6. O-O Nbd7 7. Qe2 Re8 8.
c3 e5 9. e4 exd4 10. cxd4 c5 11. Re1 cxd4 12. Nxd4 Nxe4 13. Qd1 Nxd2 14. Bxd2
Bxd4 15. Qa4 Rxe1+ 16. Rxe1 Qf6 17. Re2 Nc5 18. Qc4 Be6 19. Qc2 Bg4 0-1

[Event "XXXVIII C.to italiano ASCI"]
[Site "Silvi Marina ITA"]
[Date "2010.08.29"]
[Round "2"]
[White "Papa, Pasquale"]
[Black "Murgia, Stefano"]
[Result "1-0"]
[WhiteElo "1785"]
[BlackElo "1796"]
[PlyCount "75"]
[EventDate "2010.08.28"]

1. d4 Nf6 2. c4 Nc6 3. Nc3 e5 4. Nf3 exd4 5. Nxd4 Bb4 6. Nxc6 Bxc3+ 7. bxc3
bxc6 8. Bg5 d6 9. e3 h6 10. Bh4 g5 11. Bg3 c5 12. Bd3 Be6 13. h3 O-O 14. O-O
Nd7 15. Rb1 Nb6 16. Qe2 Qf6 17. Rfc1 Kg7 18. e4 Rae8 19. e5 Qd8 20. Qe4 f5 21.
exf6+ Rxf6 22. Qh7+ Kf8 23. Bg6 Bf7 24. Qh8+ Ke7 25. Re1+ Re6 26. Rxe6+ Kxe6
27. Re1+ Kd7 28. Bf5+ Kc6 29. Be4+ Kd7 30. Qh7 Re7 31. Qf5+ Be6 32. Qf3 Nxc4
33. Bc6+ Kc8 34. Bb7+ Kb8 35. Ba6 Bc8 36. Rxe7 Qxe7 37. Bxc4 Qe1+ 38. Kh2 1-0

[Event "XXXVIII C.to italiano ASCI"]
[Site "Silvi Marina ITA"]
[Date "2010.08.30"]
[Round "3"]
[White "Gasperoni, Claudio"]
[Black "Papa, Pasquale"]
[Result "1-0"]
[WhiteElo "1814"]
[BlackElo "1785"]
[PlyCount "53"]
[EventDate "2010.08.28"]

1. d4 d5 2. c4 e6 3. Nc3 Nf6 4. Bg5 Be7 5. e3 dxc4 6. Bxc4 Nbd7 7. Nf3 b6 8.
O-O Bb7 9. Qe2 O-O 10. Rfd1 Ne4 11. Nxe4 Bxe4 12. Bxe7 Qxe7 13. Rac1 Nf6 14.
Ne5 Bd5 15. f3 Rac8 16. Ba6 Rcd8 17. e4 Ba8 18. Bb5 c5 19. dxc5 Rxd1+ 20. Qxd1
bxc5 21. Qc2 Rc8 22. Rd1 Qc7 23. Qd2 h6 24. Qd6 Qxd6 25. Rxd6 Rb8 26. a4 Kh7
27. Nxf7 1-0

[Event "XXXVIII C.to italiano ASCI"]
[Site "Silvi Marina ITA"]
[Date "2010.08.30"]
[Round "3"]
[White "Melle, Ezio"]
[Black "Casadei, Marco"]
[Result "1-0"]
[WhiteElo "1732"]
[BlackElo "1727"]
[PlyCount "69"]
[EventDate "2010.08.28"]

1. e4 c5 2. Nf3 d6 3. c3 Nf6 4. Bb5+ Bd7 5. Qe2 Nc6 6. d4 cxd4 7. cxd4 a6 8.
Ba4 b5 9. Bb3 g6 10. O-O Bg7 11. e5 dxe5 12. dxe5 Ng8 13. Bxf7+ Kxf7 14. e6+
Kf8 15. Rd1 Nf6 16. exd7 Nxd7 17. Ng5 Qc8 18. Ne6+ Kf7 19. Nxg7 Kxg7 20. b3 Nf6
21. Bb2 Qf5 22. Nc3 Rhd8 23. Ne4 Kf7 24. Ng3 Qc5 25. Rac1 Qb6 26. Qf3 Rac8 27.
Rxd8 Qxd8 28. Rxc6 Rxc6 29. Qxc6 Nh5 30. Qf3+ Nf6 31. Ne4 Qa5 32. Bc3 Qxa2 33.
Ng5+ Kg7 34. g3 h6 35. Bxf6+ 1-0

[Event "XXXVIII C.to italiano ASCI"]
[Site "Silvi Marina ITA"]
[Date "2010.08.31"]
[Round "4"]
[White "Murgia, Stefano"]
[Black "Vaccani, Mario"]
[Result "1-0"]
[WhiteElo "1796"]
[BlackElo "1738"]
[PlyCount "47"]
[EventDate "2010.08.28"]

1. e4 c5 2. Nf3 d6 3. d4 cxd4 4. Nxd4 Nf6 5. Nc3 g6 6. Be3 Bg7 7. f3 O-O 8. Qd2
Nc6 9. O-O-O Bd7 10. h4 h5 11. Bh6 Qa5 12. Bxg7 Kxg7 13. g4 hxg4 14. h5 Nxh5
15. f4 Nxd4 16. Qxd4+ e5 17. Qxd6 Rad8 18. Rxh5 gxh5 19. Nd5 Be6 20. Qxe5+ f6
21. Qxe6 Rxd5 22. Rxd5 Qb6 23. Qxb6 axb6 24. Rxh5 1-0

[Event "XXXVIII C.to italiano ASCI"]
[Site "Silvi Marina ITA"]
[Date "2010.09.01"]
[Round "5"]
[White "Casadei, Marco"]
[Black "Gasperoni, Claudio"]
[Result "1-0"]
[WhiteElo "1727"]
[BlackElo "1814"]
[PlyCount "91"]
[EventDate "2010.08.28"]

1. e4 e5 2. Nf3 Nc6 3. Bc4 Be7 4. d4 d6 5. Nc3 Bg4 6. Be3 Nf6 7. Qd2 O-O 8. h3
Bxf3 9. gxf3 exd4 10. Bxd4 Nxd4 11. Qxd4 Re8 12. O-O-O Bf8 13. h4 Nd7 14. f4
Qf6 15. Qe3 Nb6 16. Bb3 c6 17. h5 h6 18. Rhg1 Kh8 19. Ne2 Rad8 20. Nd4 Nd7 21.
f3 Nc5 22. Qd2 Nxb3+ 23. axb3 a6 24. Rg4 c5 25. Ne2 b5 26. Nc3 Qe7 27. Nd5 Qb7
28. Rdg1 f5 29. exf5 Qf7 30. f6 gxf6 31. Nxf6 Be7 32. Nxe8 Rxe8 33. Rg6 Bf8 34.
Qc3+ Kh7 35. f5 Re5 36. f6 Qd5 37. Qd3 Qxd3 38. cxd3 Rxh5 39. Kd2 Rf5 40. Ke2
h5 41. R1g5 Rf4 42. Ke3 Rb4 43. f7 Rxb3 44. f4 c4 45. Rg8 Rxd3+ 46. Ke4 1-0